[Event "Netanya Open 2019"]
[Site "Netanya"]
[Date "2019.06.27"]
[Round "5.1"]
[White "Efimenko, Zahar"]
[Black "Svetushkin, Dmitry"]
[Result "1/2-1/2"]
[WhiteElo "2632"]
[BlackElo "2532"]
[Annotator "TA"]
[PlyCount "48"]
[EventDate "2019.06.23"]
[EventType "swiss"]
[EventCountry "ISR"]
[SourceTitle "playchess.com"]
[Source "ChessBase"]
[SourceQuality "1"]

{[%evp 18,48,23,23,35,37,20,14,28,9,20,0,0,0,0,0,0,0,0,0,0,0,0,0,2,0,0,0,0,0,-3,-5,-6]} 1. e4 e5 2. Nf3 Nc6 3. Bb5 a6 4. Ba4 Nf6 5. O-O Be7 6. d3 b5 7. Bb3 O-O 8. Nbd2 d6 9. a3 Bb7 10. Re1 Qd7 {C88: Closed Ruy Lopez: Anti-Marshall Systems} 11. c3 (11. Nf1 Rae8 12. Ng3 Bd8 13. c3 Ne7 14. d4 exd4 15. cxd4 Ng6 16. Bc2 c5 17. d5 Ng4 18. h3 {1-0 (43) Wang,H (2707)-Tabatabaei,M (2605) Sharjah 2018}) 11... Rfe8 12. d4 Bf8 13. h3 Rad8 $146 {The position is equal.} ({Predecessor:} 13... g6 14. Bc2 exd4 15. cxd4 Bg7 16. Nf1 Na5 17. Ng3 c5 18. d5 {1-0 (44) Zhigalko,A (2600)-Kolesnik,E (2374) Minsk 2010}) 14. Bc2 d5 15. exd5 Nxd5 16. dxe5 Nf4 17. Re4 Nd3 {[%cal Rc6e5]} 18. Qe2 Ncxe5 19. Nxe5 ({But not} 19. Rxe5 Nxe5 20. Nxe5 Qe7 $17) 19... Nxc1 20. Qh5 $1 Rxe5 ({Worse is} 20... Qxd2 {[#]} 21. Qxh7+ $1 {[%mdl 512]} Kxh7 22. Rh4+ $1 {[%mdl 512]} Kg8 23. Bh7+ Kh8 24. Nxf7#) 21. Rxe5 {[%csl Gc2][%cal Rh5h7]} g6 22. Qd1 Nd3 $1 {[%cal Rd3e5]} 23. Ne4 Bg7 24. Bxd3 {Strongly threatening Nc5.} ({Wrong is} 24. Nc5 $2 Nxc5 25. Qxd7 Nxd7 $19) 24... Bxe5 {Accuracy: White = 66%, Black = 97%.} 1/2-1/2

[Event "Netanya Open 2019"]
[Site "Netanya"]
[Date "2019.06.27"]
[Round "5.2"]
[White "Antipov, Mikhail Al."]
[Black "Huzman, Alexander"]
[Result "1-0"]
[WhiteElo "2582"]
[BlackElo "2588"]
[Annotator "ChessBase"]
[PlyCount "81"]
[EventDate "2019.06.23"]
[EventType "swiss"]
[EventCountry "ISR"]
[SourceTitle "playchess.com"]
[Source "ChessBase"]
[SourceQuality "1"]
[TimeControl "40/5400+30:1800+30"]

1. e4 {[%emt 0:00:00]} e5 {[%emt 0:00:00]} 2. Nf3 {[%emt 0:00:00]} Nf6 {[%emt 0:00:00]} 3. Nxe5 {[%emt 0:00:00]} d6 {[%emt 0:00:00]} 4. Nf3 {[%emt 0:00:00]} Nxe4 {[%emt 0:00:02]} 5. d4 {[%emt 0:00:00]} d5 {[%emt 0:00:51]} 6. Bd3 {[%emt 0:00:54]} Be7 {[%emt 0:01:30]} 7. O-O {[%emt 0:00:19]} Nc6 {[%emt 0:00:28]} 8. Nbd2 {[%emt 0:01:10]} Bf5 {[%emt 0:04:35]} 9. Re1 {[%emt 0:00:29]} Nd6 {[%emt 0:01:24]} 10. Nf1 {[%emt 0:00:14]} O-O {[%emt 0:01:37]} 11. Bf4 {[%emt 0:07:58]} Bg6 {[%emt 0:02:08]} 12. Ne3 {[%emt 0:11:52]} Be4 {[%emt 0:14:41]} 13. c3 {[%emt 0:02:12]} Re8 {[%emt 0:05:08]} 14. Bc2 {[%emt 0:20:17]} g6 {[%emt 0:11:31]} 15. a4 {[%emt 0:17:25]} Bxc2 {[%emt 0:16:18]} 16. Qxc2 {[%emt 0:00:10]} Nc4 {[%emt 0:00:04]} 17. Nxc4 {[%emt 0:08:27]} dxc4 {[%emt 0:00:36]} 18. Qe2 {[%emt 0:01:34]} Bd6 {[%emt 0:04:17]} 19. Be3 {[%emt 0:00:27]} Na5 {[%emt 0:00:17]} 20. Nd2 {[%emt 0:00:07]} Qh4 {[%emt 0:00:08]} 21. g3 {[%emt 0:00:33]} Qh5 {[%emt 0:00:06]} 22. Qxh5 {[%emt 0:01:14]} gxh5 {[%emt 0:01:31]} 23. Kg2 {[%emt 0:10:54]} f6 {[%emt 0:05:54]} 24. Kf3 {[%emt 0:03:37]} Kf7 {[%emt 0:06:29]} 25. Bf4 {[%emt 0:03:20]} Bxf4 {[%emt 0:04:18]} 26. gxf4 {[%emt 0:03:27]} Rxe1 {[%emt 0:01:29]} 27. Rxe1 {[%emt 0:00:01]} Rd8 {[%emt 0:00:07]} 28. Nf1 {[%emt 0:02:10]} c5 {[%emt 0:01:54]} 29. dxc5 {[%emt 0:00:32]} Nb3 {[%emt 0:00:10]} 30. Re4 {[%emt 0:03:45]} Rd1 {[%emt 0:02:23]} 31. Ne3 {[%emt 0:00:10]} Nd2+ {[%emt 0:00:12]} 32. Ke2 {[%emt 0:00:04]} Nxe4 {[%emt 0:00:03]} 33. Kxd1 {[%emt 0:00:07]} Nxc5 {[%emt 0:00:27]} 34. a5 {[%emt 0:00:12]} Ke6 {[%emt 0:03:44]} 35. Nxc4 {[%emt 0:00:29]} Kd5 {[%emt 0:01:56]} 36. Nd2 {[%emt 0:01:56]} Nd3 {[%emt 0:01:13]} 37. b4 {[%emt 0:00:05]} Nxf2+ {[%emt 0:01:49]} 38. Ke2 {[%emt 0:00:05]} Ne4 {[%emt 0:00:47]} 39. c4+ {[%emt 0:01:45]} Kd4 {[%emt 0:00:06]} 40. Nxe4 {[%emt 0:00:03]} Kxe4 {[%emt 0:02:37]} 41. c5 {[%emt 0:30:09]} 1-0

[Event "Netanya Open 2019"]
[Site "Netanya"]
[Date "2019.06.27"]
[Round "5.3"]
[White "Gorodetzky, David"]
[Black "Dvoirys, Semen I."]
[Result "1-0"]
[WhiteElo "2461"]
[BlackElo "2502"]
[Annotator "ChessBase"]
[PlyCount "67"]
[EventDate "2019.06.23"]
[EventType "swiss"]
[EventCountry "ISR"]
[SourceTitle "playchess.com"]
[Source "ChessBase"]
[SourceQuality "1"]
[TimeControl "40/5400+30:1800+30"]

1. d4 {[%emt 0:00:09]} Nf6 {[%emt 0:00:00]} 2. c4 {[%emt 0:01:02]} g6 {[%emt 0:00:00]} 3. Nc3 {[%emt 0:00:07]} d5 {[%emt 0:00:00]} 4. cxd5 {[%emt 0:00:05]} Nxd5 {[%emt 0:00:00]} 5. e4 {[%emt 0:00:46]} Nxc3 {[%emt 0:00:05]} 6. bxc3 {[%emt 0:00:07]} Bg7 {[%emt 0:00:04]} 7. Nf3 {[%emt 0:01:20]} c5 {[%emt 0:00:06]} 8. Rb1 {[%emt 0:05:39]} O-O {[%emt 0:00:08]} 9. Be2 {[%emt 0:00:11]} Qa5 {[%emt 0:00:36]} 10. O-O {[%emt 0:19:43]} Qxa2 {[%emt 0:00:16]} 11. Bg5 {[%emt 0:02:08]} Re8 {[%emt 0:00:11]} 12. Bb5 {[%emt 0:06:43]} Bd7 {[%emt 0:04:03]} 13. Bxd7 {[%emt 0:04:27]} Nxd7 {[%emt 0:00:02]} 14. Rxb7 {[%emt 0:00:11]} Nf6 {[%emt 0:00:06]} 15. Qd3 {[%emt 0:13:07]} cxd4 {[%emt 0:01:14]} 16. cxd4 {[%emt 0:00:57]} Rab8 {[%emt 0:23:55]} 17. Rfb1 {[%emt 0:06:53]} Rxb7 {[%emt 0:08:18]} 18. Rxb7 {[%emt 0:00:09]} a5 {[%emt 0:01:38]} 19. h3 {[%emt 0:03:03]} h6 {[%emt 0:10:54]} 20. Bxf6 {[%emt 0:11:46]} exf6 {[%emt 0:01:00]} 21. d5 {[%emt 0:00:27]} a4 {[%emt 0:12:23]} 22. Qb5 {[%emt 0:06:04]} Rd8 {[%emt 0:06:42]} 23. Qb6 {[%emt 0:04:23]} Rf8 {[%emt 0:01:25]} 24. d6 {[%emt 0:03:48]} Qe6 {[%emt 0:07:29]} 25. Re7 {[%emt 0:05:46]} Qc8 {[%emt 0:12:06]} 26. d7 {[%emt 0:00:38]} Qa8 {[%emt 0:01:17]} 27. Qb5 {[%emt 0:01:30]} Rd8 {[%emt 0:01:24]} 28. Re8+ {[%emt 0:00:26]} Bf8 {[%emt 0:00:00]} 29. Rxd8 {[%emt 0:00:18]} Qxd8 {[%emt 0:00:04]} 30. Qxa4 {[%emt 0:00:04]} Qc7 {[%emt 0:01:30]} 31. g3 {[%emt 0:00:39]} Bc5 {[%emt 0:00:33]} 32. Kg2 {[%emt 0:01:31]} Bb6 {[%emt 0:00:06]} 33. Qa8+ {[%emt 0:01:23]} Kg7 {[%emt 0:00:07]} 34. Qd5 {[%emt 0:00:13]} 1-0

[Event "Netanya Open 2019"]
[Site "Netanya"]
[Date "2019.06.27"]
[Round "5.4"]
[White "Korobov, Anton"]
[Black "Bar, Roman"]
[Result "1/2-1/2"]
[WhiteElo "2687"]
[BlackElo "2497"]
[Annotator "TA"]
[PlyCount "46"]
[EventDate "2019.06.23"]
[EventType "swiss"]
[EventCountry "ISR"]
[SourceTitle "playchess.com"]
[Source "ChessBase"]
[SourceQuality "1"]

{[%evp 9,46,-2,0,0,0,-2,-3,-12,24,18,16,12,8,11,36,20,24,11,20,18,18,8,8,8,2,0,4,0,0,0,3,0,0,0,4,0,7,0,10]} 1. d4 Nf6 2. Nf3 e6 3. Bg5 c5 4. e3 Be7 5. c3 b6 6. Bd3 {A46: 1 d4 Nf6 2 Nf3 e6: Torre, London and Colle Systems} Bb7 7. O-O (7. Nbd2 cxd4 8. cxd4 Nd5 9. Bxe7 Qxe7 10. a3 O-O 11. Qe2 d6 12. Qd1 {½-½ (12) Sedlak,N (2570)-Akopian,V (2667) Golden Sands 2014}) 7... O-O 8. Qe2 Nd5 9. Bxe7 Qxe7 10. a3 cxd4 11. cxd4 d6 $146 ({Predecessor:} 11... f5 12. Nbd2 Nc6 13. Rac1 Rac8 {½-½ (43) Stanicic,J (2087)-Stankovic,M (2111) Petrovac 2004}) 12. Rc1 Nd7 13. Nc3 {Threatens to win with Nxd5.} N7f6 {The position is equal.} 14. Nxd5 Nxd5 15. Rc2 Rfc8 16. Rac1 h6 17. Bc4 Qd7 18. h3 Ne7 19. Nd2 Qd8 20. Rc3 Nd5 21. R3c2 Ne7 22. Rc3 Nd5 23. R3c2 Ne7 {Accuracy: White = 51%, Black = 73%.} 1/2-1/2

[Event "Netanya Open 2019"]
[Site "Netanya"]
[Date "2019.06.27"]
[Round "5.5"]
[White "Zoler, Dan"]
[Black "Kuzubov, Yuriy"]
[Result "1/2-1/2"]
[WhiteElo "2499"]
[BlackElo "2671"]
[Annotator "TA"]
[PlyCount "81"]
[EventDate "2019.06.23"]
[EventType "swiss"]
[EventCountry "ISR"]
[SourceTitle "playchess.com"]
[Source "ChessBase"]
[SourceQuality "1"]

{[%evp 11,81,20,22,22,31,38,41,22,32,30,37,24,42,39,20,28,97,97,86,79,66,61,109,103,108,114,114,41,49,18,44,14,15,-14,107,102,136,134,129,139,137,139,123,133,133,125,139,137,135,101,100,93,93,81,81,64,71,71,71,71,79,79,81,81,101,87,101,81,81,81,108,0]} 1. d4 Nf6 2. c4 e6 3. Nf3 d5 4. Nc3 Nbd7 5. g3 Bb4 6. Bg2 O-O 7. Qb3 {E20: Nimzo-Indian: 4 g3 and 4 f3} a5 (7... c5 8. O-O cxd4 9. Qxb4 a5 10. Qa3 dxc3 11. Qxc3 b6 12. cxd5 Nxd5 13. Qd2 Nc5 14. b3 Ba6 {½-½ (78) Fridman,D (2633)-Yu,Y (2764) St Petersburg 2018}) 8. a3 $146 ({Predecessor:} 8. O-O c6 9. Bf4 Qe7 10. Rfd1 Nh5 11. Bd2 f5 12. Ne5 Kh8 13. f4 g5 14. e3 Rb8 15. Rac1 {1-0 (15) Kiewra,K (2362)-Hevia Alejano,C (2476) Burlingame 2019}) 8... Bxc3+ 9. Qxc3 {White is slightly better.} b6 10. O-O Ba6 11. Ne5 c5 12. Nxd7 Qxd7 13. dxc5 Bxc4 (13... bxc5 $11 {remains equal.} 14. cxd5 exd5) 14. cxb6 $16 Bxe2 15. Re1 Rfc8 16. Qd4 Bb5 17. Bf4 Rc4 18. Qd2 Qb7 19. Bc7 ({Better is} 19. Be3 $16) 19... a4 $14 20. Rab1 Ne8 21. b3 Rc6 22. bxa4 (22. Bf4 {looks sharper.} axb3 23. Rxb3 Ba4 24. Rb4 Rxb6 25. Bxd5 exd5 26. Rxa4 Rba6 27. Rxa6 Qxa6 28. Qxd5 Nf6 29. Qd4) 22... Bxa4 (22... Bc4 $1 $11) 23. Qe3 $1 $16 Nxc7 24. bxc7 Qc8 {[#]} 25. Bxd5 $1 exd5 {[#]} 26. Rb8 $1 {[%mdl 512] Intending Qe8+ and mate.} Rxc7 ({Don't go for} 26... Rxb8 $2 27. cxb8=Q h6 28. Qe8+ Qxe8 29. Qxe8+ $18) 27. Rxc8+ Rcxc8 28. Qd3 Bc2 29. Qxd5 Rxa3 30. Qd7 {[%cal Rd7c8]} Raa8 31. h4 h5 32. Qd5 Bg6 33. Qg5 Ra4 34. Qb5 {White is better.} Raa8 35. Kg2 Rab8 36. Qg5 {Hoping for g4.} Rb4 37. Re7 Rbc4 38. Qe3 Kh7 39. Qa7 Rc2 40. Qd7 R8c5 41. Qa7 {Accuracy: White = 58%, Black = 57%.} (41. Re8 $16 f6 42. Re7) 1/2-1/2

[Event "Netanya Open 2019"]
[Site "Netanya"]
[Date "2019.06.27"]
[Round "5.6"]
[White "Flom, Gabriel"]
[Black "Parligras, Mircea-Emilian"]
[Result "1/2-1/2"]
[WhiteElo "2480"]
[BlackElo "2638"]
[Annotator "TA"]
[PlyCount "56"]
[EventDate "2019.06.23"]
[EventType "swiss"]
[EventCountry "ISR"]
[SourceTitle "playchess.com"]
[Source "ChessBase"]
[SourceQuality "1"]

{[%evp 12,56,6,0,0,0,0,-3,0,0,0,4,1,1,0,-8,-7,-7,-3,-7,0,-8,-8,-23,0,-87,-14,-9,0,0,0,0,0,0,0,-9,0,0,0,0,0,0,0,0,0,2,5]} 1. d4 Nf6 2. c4 e6 3. Nf3 d5 4. Nc3 Nbd7 {[%cal Bb8d7,Bd7f6,Bf6d5][%mdl 32]} 5. cxd5 exd5 6. Bf4 c6 7. h3 Ne4 {D35: Queen's Gambit Declined: Exchange Variation} 8. Nxe4 dxe4 9. Nd2 $1 Nf6 10. e3 Nd5 11. Be5 f6 12. Bg3 f5 $146 ({Predecessor:} 12... Bb4 13. a3 Bxd2+ 14. Qxd2 O-O 15. Be2 {½-½ (37) Shankland,S (2731)-Vitiugov,N (2726) Prague 2019}) 13. Be2 Be7 14. O-O O-O 15. Nc4 Be6 16. a3 f4 17. exf4 Nxf4 18. Re1 {[#]} (18. Bxf4 $11 Rxf4 19. Qd2) 18... Bd5 (18... Bh4 $1 $17 {Strongly threatening ...Qg5.} 19. Ne3 Bxg3 20. fxg3 Nxe2+ 21. Rxe2 Qd6) 19. Ne3 $11 {The position is equal.} Nxe2+ 20. Qxe2 Bf6 21. Nxd5 cxd5 22. Qb5 Rf7 23. Rac1 Bxd4 24. Rcd1 Qf6 25. Qxd5 {[%mdl 64] [#] Double Attack} Bxf2+ 26. Bxf2 Qxf2+ 27. Kh1 {Rf1! is the strong threat.} e3 {Threatens to win with ...e2.} 28. Qe6 {Hoping for Rf1.} Raf8 {Accuracy: White = 68%, Black = 69%.} 1/2-1/2

[Event "Netanya Open 2019"]
[Site "Netanya"]
[Date "2019.06.27"]
[Round "5.7"]
[White "Roiz, Michael"]
[Black "Grinberg, Eyal"]
[Result "1-0"]
[WhiteElo "2603"]
[BlackElo "2474"]
[Annotator "TA"]
[PlyCount "93"]
[EventDate "2019.06.23"]
[EventType "swiss"]
[EventCountry "ISR"]
[SourceTitle "playchess.com"]
[Source "ChessBase"]
[SourceQuality "1"]

{[%evp 17,109,3,22,13,25,13,20,20,17,22,37,35,70,55,85,53,75,72,89,34,76,66,115,113,124,63,103,40,64,59,108,124,124,130,107,106,90,73,166,170,175,189,183,168,188,0,139,0,189,187,138,123,114,95,77,70,112,62,68,29,32,34,300,289,393,413,400,392,368,291,454,443,458,457,452,445,446,450,572,524,4782,4140,2518,2035,2994,4294,5494,5081,5579,5497,1710,1705,1308,894]} 1. Nf3 d5 2. g3 Bg4 3. Bg2 Nd7 4. h3 Bh5 5. d4 e6 6. c4 c6 7. O-O Ngf6 8. Qb3 Qb6 9. Nc3 Be7 10. Nh4 {D11: Slav Defence: 3 Nf3 sidelines and 3...Nf6 4 e3 Bg4} (10. Re1 O-O 11. Bf4 Rfd8 12. g4 Bg6 13. c5 Qxb3 14. axb3 Rdc8 15. b4 a6 16. Nd2 Bd8 17. Nb3 Bc7 18. Bxc7 Rxc7 {½-½ (42) Giri,A (2785)-So,W (2815) chess.com INT 2017}) 10... O-O $146 ({Predecessor:} 10... Qa6 11. cxd5 Nxd5 12. Bf3 Nxc3 13. bxc3 Bxf3 14. Nxf3 Nb6 15. Re1 Nc4 16. Bf4 O-O 17. e4 Rad8 {1-0 (46) Cato the Younger-Kitsune playchess.com INT 2007}) 11. g4 Bg6 12. Nxg6 {The position is equal.} hxg6 13. Rd1 Qa6 14. cxd5 exd5 15. g5 Ne8 16. e4 dxe4 17. Bxe4 Kh8 18. d5 (18. Re1 $16) 18... Nc5 19. Qb4 Bd6 20. Bg2 {aiming for Be3.} cxd5 21. Nxd5 (21. Bxd5 $16 Rd8 22. Be3) 21... Ne6 $14 22. Qh4+ Kg8 23. Be3 N8c7 24. Nb4 Bxb4 25. Qxb4 Rad8 26. Rxd8 Nxd8 27. Rc1 Nc6 {[#]} (27... Nde6 $16 {was worth a try.}) 28. Qc4 $1 $18 Qa5 29. b4 $1 {[%cal Rb4a5]} (29. Bxc6 bxc6 30. Qc5 (30. Qxc6 Ne6 $11) 30... Qxa2 $11) 29... Qf5 30. Qc5 (30. Bxc6 bxc6 31. Qxc6 Nd5 $11) 30... Qd3 31. Qc4 (31. Bxc6 $6 bxc6 32. Qxc6 (32. Qxa7 Nd5 $11) 32... Nd5 $14) 31... Qf5 $1 32. Qc5 (32. Bxc6 $6 bxc6 33. Qf4 (33. Qxc6 Nd5 $11) 33... Qd7 $11) 32... Qd3 33. Qc2 (33. Bxc6 $6 bxc6 34. Qxc6 (34. Qxa7 Nd5 $11) 34... Nd5 $14) 33... Qd8 34. Rd1 $36 {[%mdl 2048] White is really pushing.} ({Don't play} 34. Bxc6 bxc6 35. Qxc6 Ne6 $16) 34... Qc8 35. a3 Re8 36. Rd2 ({Reject} 36. Bxc6 bxc6 37. Qxc6 Qxh3 $14) 36... Qe6 37. Qc5 {Hoping for b5.} Qb3 $1 38. Bxc6 (38. Rd7 $5 {[%cal Rd7c7]} Ne6 39. Qd5 Qxa3 40. b5 (40. Rxb7 Ncd4 $11) 40... Qa1+ 41. Qd1 Qxd1+ 42. Rxd1 $14) 38... bxc6 39. Qxc6 Re7 $2 {[%mdl 8192]} ({Black should play} 39... Rxe3 $14 40. fxe3 Qxe3+ 41. Rf2 Ne6) 40. Qc5 Qb1+ 41. Kh2 Qe4 42. Rd4 Qe6 43. Qd6 f5 (43... a6 $142 44. a4 f5 45. gxf6 gxf6) 44. gxf6 {White is clearly winning.} gxf6 45. Qxe6+ Nxe6 {[%mdl 4096] Endgame KRB-KRN} 46. Rd6 f5 {[#]} 47. Ra6 {Played: Be3xa7} 1-0

[Event "Netanya Open 2019"]
[Site "Netanya"]
[Date "2019.06.27"]
[Round "5.8"]
[White "Zubov, Alexander"]
[Black "Abergel, Thal"]
[Result "1-0"]
[WhiteElo "2597"]
[BlackElo "2450"]
[Annotator "ChessBase"]
[PlyCount "127"]
[EventDate "2019.06.23"]
[EventType "swiss"]
[EventCountry "ISR"]
[SourceTitle "playchess.com"]
[Source "ChessBase"]
[SourceQuality "1"]
[TimeControl "40/5400+30:1800+30"]

1. d4 {[%emt 0:00:00]} d5 {[%emt 0:00:00]} 2. c4 {[%emt 0:00:00]} dxc4 {[%emt 0:00:00]} 3. e3 {[%emt 0:00:21]} b5 {[%emt 0:00:15]} 4. a4 {[%emt 0:00:32]} b4 {[%emt 0:00:17]} 5. Bxc4 {[%emt 0:00:50]} e6 {[%emt 0:02:24]} 6. Qf3 {[%emt 0:02:56]} c6 {[%emt 0:00:07]} 7. Qe2 {[%emt 0:01:29]} Nf6 {[%emt 0:01:03]} 8. Nf3 {[%emt 0:00:36]} Be7 {[%emt 0:00:14]} 9. O-O {[%emt 0:01:07]} O-O {[%emt 0:00:15]} 10. e4 {[%emt 0:00:51]} a5 {[%emt 0:01:49]} 11. Nbd2 {[%emt 0:12:37]} Ba6 {[%emt 0:08:47]} 12. e5 {[%emt 0:03:12]} Nd5 {[%emt 0:07:16]} 13. Nb3 {[%emt 0:01:50]} Qb6 {[%emt 0:03:00]} 14. Bg5 {[%emt 0:00:35]} Nd7 {[%emt 0:04:34]} 15. Rfc1 {[%emt 0:06:04]} Bxc4 {[%emt 0:01:54]} 16. Qxc4 {[%emt 0:01:47]} h6 {[%emt 0:17:31]} 17. Bxe7 {[%emt 0:03:42]} Nxe7 {[%emt 0:00:02]} 18. Nfd2 {[%emt 0:04:38]} Qa7 {[%emt 0:09:59]} 19. Ne4 {[%emt 0:01:46]} Nb6 {[%emt 0:06:04]} 20. Qe2 {[%emt 0:04:07]} Rfd8 {[%emt 0:02:52]} 21. Nd6 {[%emt 0:05:49]} Nbc8 {[%emt 0:02:30]} 22. Nc4 {[%emt 0:00:44]} Rd5 {[%emt 0:00:15]} 23. Ne3 {[%emt 0:01:02]} Rd7 {[%emt 0:03:35]} 24. Rc5 {[%emt 0:06:37]} Qc7 {[%emt 0:00:47]} 25. Nc4 {[%emt 0:07:09]} Rd5 {[%emt 0:02:29]} 26. Rc1 {[%emt 0:00:03]} Rxc5 {[%emt 0:00:52]} 27. dxc5 {[%emt 0:00:24]} Nd5 {[%emt 0:00:20]} 28. Qe4 {[%emt 0:05:33]} Nce7 {[%emt 0:00:28]} 29. Rd1 {[%emt 0:01:11]} Rf8 {[%emt 0:01:36]} 30. Nd6 {[%emt 0:00:31]} Qa7 {[%emt 0:02:06]} 31. g3 {[%emt 0:01:24]} Qd7 {[%emt 0:04:05]} 32. Re1 {[%emt 0:02:17]} Qa7 {[%emt 0:01:38]} 33. Kg2 {[%emt 0:01:32]} f5 {[%emt 0:02:50]} 34. exf6 {[%emt 0:01:21]} Rxf6 {[%emt 0:00:03]} 35. Ne8 {[%emt 0:12:32]} Rg6 {[%emt 0:00:45]} 36. Nd6 {[%emt 0:01:08]} Rf6 {[%emt 0:00:34]} 37. Nc4 {[%emt 0:01:49]} Ng6 {[%emt 0:00:49]} 38. Ne5 {[%emt 0:00:13]} Nxe5 {[%emt 0:03:48]} 39. Qxe5 {[%emt 0:00:02]} Qf7 {[%emt 0:00:32]} 40. Qe2 {[%emt 0:07:31]} Qg6 {[%emt 0:09:36]} 41. Kf1 {[%emt 0:31:20]} Qf5 {[%emt 0:07:35]} 42. Nd4 {[%emt 0:00:00]} Qh3+ {[%emt 0:04:02]} 43. Kg1 {[%emt 0:00:00]} Nf4 {[%emt 0:08:36]} 44. Qf3 {[%emt 0:00:00]} Nd5 {[%emt 0:01:24]} 45. Qe4 {[%emt 0:00:00]} Qh5 {[%emt 0:04:07]} 46. Nxc6 {[%emt 0:00:00]} Kh8 {[%emt 0:02:32]} 47. Nd4 {[%emt 0:00:00]} Qf7 {[%emt 0:01:10]} 48. Nxe6 {[%emt 0:00:00]} Nc7 {[%emt 0:00:44]} 49. Nxc7 {[%emt 0:00:00]} Qxc7 {[%emt 0:00:03]} 50. Qe7 {[%emt 0:00:00]} Qxe7 {[%emt 0:01:20]} 51. Rxe7 {[%emt 0:00:00]} Rf5 {[%emt 0:00:09]} 52. c6 {[%emt 0:00:00]} Rc5 {[%emt 0:00:05]} 53. c7 {[%emt 0:00:00]} Kh7 {[%emt 0:00:02]} 54. Kg2 {[%emt 0:00:00]} Kg6 {[%emt 0:00:04]} 55. Kf3 {[%emt 0:00:00]} Kf6 {[%emt 0:00:02]} 56. Rd7 {[%emt 0:00:00]} g6 {[%emt 0:00:23]} 57. Ke4 {[%emt 0:00:00]} Ke6 {[%emt 0:01:06]} 58. Rg7 {[%emt 0:00:00]} Kd6 {[%emt 0:00:13]} 59. b3 {[%emt 0:00:00]} Re5+ {[%emt 0:00:34]} 60. Kd3 {[%emt 0:00:00]} Rd5+ {[%emt 0:00:02]} 61. Ke2 {[%emt 0:00:00]} Re5+ {[%emt 0:00:09]} 62. Kf1 {[%emt 0:00:00]} Rc5 {[%emt 0:00:06]} 63. Rxg6+ {[%emt 0:00:00]} Kd5 {[%emt 0:00:25]} 64. Rg7 {[%emt 0:01:11]} 1-0

[Event "Netanya Open 2019"]
[Site "Netanya"]
[Date "2019.06.27"]
[Round "5.9"]
[White "Mindlin, Alon"]
[Black "Mikhalevski, Victor"]
[Result "0-1"]
[WhiteElo "2454"]
[BlackElo "2579"]
[Annotator "ChessBase"]
[PlyCount "86"]
[EventDate "2019.06.23"]
[EventType "swiss"]
[EventCountry "ISR"]
[SourceTitle "playchess.com"]
[Source "ChessBase"]
[SourceQuality "1"]
[TimeControl "40/5400+30:1800+30"]

1. Nf3 {[%emt 0:00:00]} g6 {[%emt 0:00:36]} 2. e4 {[%emt 0:01:34]} c5 {[%emt 0:00:12]} 3. c3 {[%emt 0:00:42]} Nf6 {[%emt 0:04:30]} 4. e5 {[%emt 0:02:04]} Nd5 {[%emt 0:01:08]} 5. d4 {[%emt 0:01:45]} cxd4 {[%emt 0:00:36]} 6. cxd4 {[%emt 0:01:22]} Bg7 {[%emt 0:00:52]} 7. Bc4 {[%emt 0:02:45]} Nb6 {[%emt 0:00:16]} 8. Bb3 {[%emt 0:00:35]} d5 {[%emt 0:02:37]} 9. exd6 {[%emt 0:05:14]} Qxd6 {[%emt 0:00:24]} 10. O-O {[%emt 0:01:48]} O-O {[%emt 0:00:38]} 11. Nc3 {[%emt 0:12:44]} Bg4 {[%emt 0:05:14]} 12. h3 {[%emt 0:03:17]} Bxf3 {[%emt 0:00:14]} 13. Qxf3 {[%emt 0:00:02]} Nc6 {[%emt 0:00:12]} 14. Be3 {[%emt 0:00:45]} Qb4 {[%emt 0:10:03]} 15. Rfd1 {[%emt 0:09:59]} Rad8 {[%emt 0:04:16]} 16. Ne2 {[%emt 0:05:15]} e6 {[%emt 0:04:14]} 17. Rac1 {[%emt 0:02:41]} Nd5 {[%emt 0:04:24]} 18. Nc3 {[%emt 0:04:58]} Nxe3 {[%emt 0:01:00]} 19. fxe3 {[%emt 0:00:26]} Na5 {[%emt 0:04:34]} 20. Ne4 {[%emt 0:00:23]} Nxb3 {[%emt 0:05:43]} 21. axb3 {[%emt 0:01:05]} b6 {[%emt 0:01:23]} 22. Rc7 {[%emt 0:04:19]} Qxb3 {[%emt 0:05:43]} 23. Rxa7 {[%emt 0:00:08]} e5 {[%emt 0:05:48]} 24. d5 {[%emt 0:05:20]} f5 {[%emt 0:00:32]} 25. Ng5 {[%emt 0:02:51]} e4 {[%emt 0:01:01]} 26. Rxg7+ {[%emt 0:05:21]} Kxg7 {[%emt 0:00:07]} 27. Ne6+ {[%emt 0:00:04]} Kg8 {[%emt 0:00:38]} 28. Qe2 {[%emt 0:00:06]} Rxd5 {[%emt 0:00:30]} 29. Rxd5 {[%emt 0:00:09]} Qxd5 {[%emt 0:00:05]} 30. Nxf8 {[%emt 0:00:03]} Kxf8 {[%emt 0:01:33]} 31. h4 {[%emt 0:12:49]} Qd3 {[%emt 0:12:27]} 32. Qe1 {[%emt 0:00:31]} Kf7 {[%emt 0:02:29]} 33. Qc1 {[%emt 0:00:55]} Qd6 {[%emt 0:01:15]} 34. Qc3 {[%emt 0:01:51]} Qc5 {[%emt 0:01:27]} 35. Qb3+ {[%emt 0:00:58]} Kg7 {[%emt 0:00:15]} 36. Kh2 {[%emt 0:00:30]} Qd6+ {[%emt 0:02:14]} 37. g3 {[%emt 0:02:26]} Qd2+ {[%emt 0:05:18]} 38. Kh3 {[%emt 0:00:36]} Qe1 {[%emt 0:00:15]} 39. Kg2 {[%emt 0:00:29]} Qe2+ {[%emt 0:00:16]} 40. Kg1 {[%emt 0:00:07]} b5 {[%emt 0:01:44]} 41. h5 {[%emt 0:36:44]} Qd3 {[%emt 0:33:25]} 42. Qe6 {[%emt 0:02:12]} Qxe3+ {[%emt 0:00:13]} 43. Kh2 {[%emt 0:00:21]} Qf2+ {[%emt 0:06:38]} 0-1